00451nam a2200121Ia 4500008004100000245006900041245005000110260000900160650002000169856004800189999001900237952007300256171204s9999 xx 000 0 und d aElements of Programming Interviews in Java: The Insiders' Guide: cAdnan Aziz, Amit Prakash, and Tsung-Hsien Lee c2015 xProgramming 1-2 uhttp://down.ebook777.com/060/1517435803.pdf c345957d345957 001040aCLbCLd2017-12-04l0r2017-12-04 00:00:00w2017-12-04yCBE